| 000 | 00549nam a2200169 a 4500 | ||
|---|---|---|---|
| 001 | 000034452 | ||
| 005 | 20200930073716.0 | ||
| 008 | 111004s1980 xxu 000 0 spa d | ||
| 040 |
_aDO-SdBNP _bspa _cBNPHU |
||
| 100 | 1 |
_aSmith, William Frank _959883 |
|
| 245 | 1 | 0 |
_aFrom thought to theme : _ba rhetoric and reader for college English / _cWilliam F. Smith, Raymond D. Liedlich. |
| 250 | _a6a ed. | ||
| 260 |
_aNew York : _bHarcourt Brace Jovanovich, _c1980. |
||
| 300 |
_a467 p. ; _c24 cm. |
||
| 700 | 1 | 2 |
_aLiedlich, Raymond D., _959884 |
| 049 | _aBNPD | ||
| 999 |
_c33943 _d33943 |
||